| 000 | 00548 a2200217 4500 | ||
|---|---|---|---|
| 005 | 20260401115924.0 | ||
| 008 | 260319b |||||||| |||| 00| 0 eng d | ||
| 020 |
_a9789393168849 _cRs. 495.00 |
||
| 040 | _aMAIN | ||
| 082 |
_a576.8 _bR1860 (15) |
||
| 100 | _aRastogi, Veer Bala | ||
| 245 | _aOrganic evolution: Evolutionary-biology | ||
| 250 | _a15th | ||
| 260 |
_bMedtech Science Press _c2024 _aNew Delhi |
||
| 300 | _axvi, 608 | ||
| 650 | _aBiology | ||
| 650 | _aGenetics | ||
| 650 | _aEvolution | ||
| 650 | _aOrganic | ||
| 942 | _cBK | ||
| 999 |
_c395164 _d395164 |
||